00842nam a2200229 a 450000100060000000300080000600500170001400800410003103500190007204000330009104100080012408200300013210000240016224501060018626000490029230000290034150400370037065000310040794200120043899900170045095201450046770504BD-RjUL20211209082017.0170417s1967 enka b 001 0 eng d a(BD-RjUL)70718 aDLCcIAUdm.c.dBD-RjULbeng aeng a304.6096894223bKAS 19671 aKay, George920870612aA Social geography of Zambia :ba survey of population patterns in a developing country /cGeorge Kay aLondon :bUniversity of London Press,c1967. a160 p. :bill. ;c26 cm. aIncludes Bibliography and Index. aPopulationzZambia9208707 2ddccBK c70504d70504 00102ddc40718NFICaRUCLbRUCLcReadingd2021-12-09eZeithengerg30.00l0o304.6096894 KAS 1967r2017-04-17 00:00:00tC-1w2017-04-17yBK